Catálogo de la Biblioteca Horacio González - Universidad Nacional de General Sarmiento

Milagros inesperados (Registro nro. 54841)

Detalles MARC
000 -CABECERA
campo de control de longitud fija 01120ngm a22002410a 4500
001 - NÚMERO DE CONTROL
campo de control PT33141
003 - IDENTIFICADOR DEL NÚMERO DE CONTROL
campo de control AR-LpoUNG
005 - FECHA Y HORA DE LA ÚLTIMA TRANSACCIÓN
campo de control 20210202000432.0
007 - CAMPO FIJO DE DESCRIPCIÓN FÍSICA--INFORMACIÓN GENERAL
campo de control de longitud fija vd cvaizq
008 - DATOS DE LONGITUD FIJA--INFORMACIÓN GENERAL
campo de control de longitud fija 191001s2000||||ag |||||||||||||||||spa d
040 ## - FUENTE DE LA CATALOGACIÓN
Centro catalogador/agencia de origen AR-LpoUNG
Lengua de catalogación spa
Centro/agencia transcriptor AR-LpoUNG
Normas de descripción aacr
041 ## - CÓDIGO DE LENGUA
Código de lengua del texto/banda sonora o título independiente spa
082 0# - NÚMERO DE LA CLASIFICACIÓN DECIMAL DEWEY
Número de clasificación 303.385 213mil
100 1# - ENTRADA PRINCIPAL--NOMBRE DE PERSONA
Nombre de persona Darabont, Frank
Término indicativo de función/relación dir.
245 10 - MENCIÓN DE TÍTULO
Título Milagros inesperados
260 ## - PUBLICACIÓN, DISTRIBUCIÓN, ETC.
Lugar de publicación, distribución, etc. s.l.
Nombre del editor, distribuidor, etc. Warner Bross,
Fecha de publicación, distribución, etc. 2000.
300 ## - DESCRIPCIÓN FÍSICA
Extensión DVD (189 min.) : son., col.
520 ## - SUMARIO, ETC.
Sumario, etc. Paul Edgecomb fue el guardían jefe del corredor de la muerte, durante muchos años en la prisión de "Cold Mountain", en el sur de Estados Unidos. Edgecomb ha recorrido el fatídico pasillo con todo tipo de convictos, pero nunca había conocido a nadie que se pareciera a John Coffey, un corpulento hombre de raza negra acusado de asesinar a dos hermanas de 9 años. Edgecomb se empieza a plantear sí Coffey es realmente un asesino, ya que tras su aspecto se esconde una personalidad ingenua, con miedo a la oscuridad y, además con un don sobrenatural.
653 ## - TÉRMINO DE INDIZACIÓN--NO CONTROLADO
Término no controlado DVD
653 ## - TÉRMINO DE INDIZACIÓN--NO CONTROLADO
Término no controlado VIDEOS
905 ## - ELEMENTOS DE DATOS E LOCAL, LDE (RLIN)
a 33141
942 ## - ELEMENTOS DE PUNTO DE ACCESO ADICIONAL (KOHA)
Tipo de ítem Koha DVD
Existencias
Estado de retiro Estado de pérdida Estado dañado No para préstamo Código de colección Localización permanente Ubicación/localización actual Fecha de adquisición Total de préstamos Signatura topográfica completa Código de barras Fecha visto por última vez Precio válido a partir de Tipo de ítem Koha
        Colección Cine Biblioteca Universidad Nacional de General Sarmiento Biblioteca Universidad Nacional de General Sarmiento 02/02/2021   303.385 213mil 00037386 02/02/2021 02/02/2021 DVD